Wie lernt der Konsument? III. Unbewusstes Lernen durch Konditionieren.

Využívanie kondicionovania v reklame - t.j. striedanie neutrálnych a efektívnych premetov. Technika vyvolávania kladného vzťahu k značke. Osvojenie si značky pomocou vystupovania známej osobnosti v reklame. Transfer image osobnosti na značku.

Salvato in:
Dettagli Bibliografici
Autore principale: Nemetz, K.
Natura: Capitolo di libro
Lingua:tedesco
Soggetti:
Tags: Aggiungi Tag
Nessun Tag, puoi essere il primo ad aggiungerne!!

MARC

LEADER 00000naa a2200000 4500
001 r010139
005 20221208122921.9
041 0 |a ger 
044 |a DE 
245 1 0 |a Wie lernt der Konsument?  |b III. Unbewusstes Lernen durch Konditionieren.  |c K. Nemetz 
520 |a Využívanie kondicionovania v reklame - t.j. striedanie neutrálnych a efektívnych premetov. Technika vyvolávania kladného vzťahu k značke. Osvojenie si značky pomocou vystupovania známej osobnosti v reklame. Transfer image osobnosti na značku. 
610 2 0 |a reklama 
610 2 0 |a imidž 
610 2 0 |a osobnosť 
610 2 0 |a tovar značkový 
100 1 |a Nemetz, K.